000 00205 a2200097 4500
001 2697
100 _aBoas, G
245 _aThe intelligent heart
260 _a
_bWilliam Heinemann
_c
090 _c1993
_d1993
942 _aNUST-CAE
_cM
_c11035
999 _c237770
_d237770